000 00528nam a2200169Ia 4500
003 GCL
008 140319s9999 xx 000 0 ara d
040 _aGCL /
_cGCL
082 0 4 _a811.9
_bص م
100 1 _aصلاح عبدالصبور
245 1 0 _aمأساة الحلاج : مسرحية شعرية /
_cصلاح عبدالصبور
300 _a117 ص
490 _aالهيئة العامة للاستعلامات
_v0
650 0 4 _aالادب العربى
650 0 4 _aالمسرحيات العربية
942 _2ddc
_cBK
999 _c47423
_d47423